000
00274nam a22001097a 4500
005
20251009112817.0
008
251009b |||||||| |||| 00| 0 eng d
040
_c
PK-LaNCA
082
_a
712.21
_b
LAN
245
_a
Landscape design 1: residence completed works
942
_c
BK
999
_c
66937
_d
66937